| 000 | 00620cam a22002171 4500 | ||
|---|---|---|---|
| 001 | sa 68019099 | ||
| 003 | DLC | ||
| 005 | 20260227112716.0 | ||
| 008 | 740327s1967 xx 000 0 ind | ||
| 010 | _asa 68019099 | ||
| 035 | _a(OCoLC)843670 | ||
| 040 |
_aDLC _cOAU _dDLC |
||
| 042 | _apremarc | ||
| 050 | 0 | 0 | _aLAW <Indonesia 7 Sobi 1967> |
| 100 | 1 | _aSobirin, Mohammad. | |
| 245 | 1 | 0 | _aHukum perkawinan seorang Muslim dengan wanita pemeluk agama lain. |
| 260 |
_aSurabaja, _bPustaka Djaja _c[1967?] |
||
| 300 |
_a 58 p. _c22 cm. |
||
| 504 | _aBibliography: p. 58. | ||
| 650 | 0 | _aInterfaith marriage (Islamic law) | |
| 999 |
_c88818 _d88818 |
||